000
00275nam a2200109Ia 4500
008
230907s9999||||xx |||||||||||||| ||und||
082
_a
621.38224
_b
WIL
100
_a
Williams, Tim,
_9
58419
245
0
_a
EMC for product designers /
300
_a
xvi, 558 pages :
942
_c
BK
999
_c
598422
_d
598422